[Event "BUL-chT2 64th"]
[Site "Sunny Beach"]
[Date "2015.06.06"]
[Round "7.3"]
[White "Asenov, Yordan"]
[Black "Marinov, Petyo"]
[Result "1/2-1/2"]
[WhiteElo "1990"]
[BlackElo "2050"]
[PlyCount "74"]
[EventDate "2015.05.31"]
[EventType "team-swiss"]
[EventRounds "7"]
[EventCountry "BUL"]
[SourceTitle "CBM 166 Extra"]
[Source "ChessBase"]
[SourceDate "2015.06.18"]
[SourceVersion "1"]
[SourceVersionDate "2015.06.18"]
[SourceQuality "1"]
[WhiteTeam "Slivnitsa Geroy"]
[BlackTeam "Pleven Spartak XXI"]
[WhiteTeamCountry "BUL"]
[BlackTeamCountry "BUL"]

1. e4 e6 2. d3 d5 3. Nd2 Nf6 4. g3 b6 5. Bg2 Bb7 6. Qe2 Be7 7. Ngf3 0-0 8. 0-0 dxe4 9. dxe4 c5 10. e5 Ne8 11. Ne4 h6 12. Rd1 Qc7 13. Bf4 Na6 14. Nd6 Rd8 15. Nxb7 Qxb7 16. Nd4 Qc7 17. Nxe6 fxe6 18. Qxa6 g5 19. Be3 Ng7 20. Qb7 Qxb7 21. Bxb7 Nf5 22. Be4 Nxe3 23. fxe3 Rxd1+ 24. Rxd1 Rd8 25. Rd3 Rxd3 26. cxd3 Kf7 27. Kf2 Bd8 28. d4 cxd4 29. exd4 a5 30. Kf3 h5 31. h3 h4 32. gxh4 gxh4 33. Bb7 b5 34. b4 axb4 35. Bc6 b3 36. axb3 b4 37. Ke4 Bg5 1/2-1/2